Parallel Computing of the Shortest Path

Porovnanie dvoch variantov metódy najkratšej cesty: sekvenčné programovanie (na jednom počítači) a paralelné výpočty (v klastri paralelných výpočtov v Matlabe).

Na minha lista:
Detalhes bibliográficos
Autor principal: Karelkhan, N.
Outros Autores: Serik, M., Kultan, Jaroslav, 1960-
Formato: Capítulo de Livro
Idioma:inglês
Assuntos:
Tags: Adicionar Tag
Sem tags, seja o primeiro a adicionar uma tag!

MARC

LEADER 00000naa$a2200000$$$4500
001 0248842
005 20240502073959.4
041 0 |a eng 
044 |a SK 
245 1 0 |a Parallel Computing of the Shortest Path  |c N. Karelkhan, M. Serik, J. Kultan 
520 |a Porovnanie dvoch variantov metódy najkratšej cesty: sekvenčné programovanie (na jednom počítači) a paralelné výpočty (v klastri paralelných výpočtov v Matlabe). 
610 2 0 |a technológie informačné 
610 2 0 |a technológie komunikačné 
610 2 0 |a počítače 
610 2 0 |a využitie počítačov 
610 2 0 |a siete počítačové 
610 2 0 |a programovanie 
610 2 0 |a doprava 
610 2 0 |a matematika 
100 1 |a Karelkhan, N. 
700 1 |a Serik, M. 
700 1 |a Kultan, Jaroslav, 1960-